<?xml version="1.0" encoding="UTF-8"?>
<collection xmlns="http://www.loc.gov/MARC21/slim">
 <record>
  <leader>01260nam a2200205 a 4500</leader>
  <controlfield tag="001">TVCDKTCT9155</controlfield>
  <controlfield tag="003">Thư viện trường Cao đẳng Kỹ thuật Cao Thắng</controlfield>
  <controlfield tag="005">20080422000000</controlfield>
  <controlfield tag="008">080422</controlfield>
  <datafield tag="980" ind1="\" ind2="\">
   <subfield code="a">Thư viện Trường CĐ Kỹ Thuật Cao Thắng</subfield>
  </datafield>
  <datafield tag="024" ind1=" " ind2=" ">
   <subfield code="a">RG_1 #1 eb0 i1</subfield>
  </datafield>
  <datafield tag="041" ind1="0" ind2="#">
   <subfield code="a">vie</subfield>
  </datafield>
  <datafield tag="082" ind1="#" ind2="#">
   <subfield code="a">895.922.09 / </subfield>
   <subfield code="b">B105L-n</subfield>
  </datafield>
  <datafield tag="100" ind1="1" ind2="#">
   <subfield code="a">Nguyễn Huy Thông</subfield>
  </datafield>
  <datafield tag="245" ind1="0" ind2="0">
   <subfield code="a">Bản lĩnh nhà phê bình và thực tiễn sáng tác /</subfield>
   <subfield code="c">Nguyễn Huy Thông</subfield>
  </datafield>
  <datafield tag="250" ind1="#" ind2="#">
   <subfield code="a">In lần thứ 1</subfield>
  </datafield>
  <datafield tag="260" ind1="#" ind2="#">
   <subfield code="a">H. :</subfield>
   <subfield code="b">Thanh Niên ,</subfield>
   <subfield code="c">2006</subfield>
  </datafield>
  <datafield tag="300" ind1="#" ind2="#">
   <subfield code="a">236tr. ;</subfield>
   <subfield code="c">19cm</subfield>
  </datafield>
  <datafield tag="520" ind1="#" ind2="#">
   <subfield code="a">Đây là tác phẩm bao gồm nhiều thể loại được tác giả phê bình, trong đó đề cặp đến những bài thơ, bài văn nổi tiếng của nhiều tác giả viết trong nhiều giai đoạn khác nhau. Thông qua đó tác giả đã đưa ra ý kiến bình luận về các tác phẩm này. Bên cạnh đó nó sẽ giúp cho bạn đọc hiểu một cách sâu sắc hơn về một tác phẩm của một tác giả nào đó mà tác giả đã đề cặp đến.</subfield>
  </datafield>
  <datafield tag="650" ind1="#" ind2="4">
   <subfield code="a">Phê bình văn học</subfield>
  </datafield>
 </record>
</collection>
